Kĩ thuật chế biến thạch

Kaydedildi:
Detaylı Bibliyografya
Yazar: Bích Ty
Materyal Türü: Kitap
Dil:Undetermined
Baskı/Yayın Bilgisi: Hà Nội VHTT 1999
Konular:
Etiketler: Etiketle
Etiket eklenmemiş, İlk siz ekleyin!
Thư viện lưu trữ: Trung tâm Học liệu Trường Đại học Cần Thơ
LEADER 00430nam a2200169Ia 4500
001 CTU_37370
008 210402s9999 xx 000 0 und d
082 |a 641.5 
082 |b B302 
100 |a Bích Ty 
245 0 |a Kĩ thuật chế biến thạch 
245 0 |c Bích Ty 
260 |a Hà Nội 
260 |b VHTT 
260 |c 1999 
650 |a cookery 
980 |a Trung tâm Học liệu Trường Đại học Cần Thơ